| 000 | 00476nam a22001457a 4500 | ||
|---|---|---|---|
| 003 | SGT | ||
| 020 | _a9788179752050 | ||
| 082 |
_a350.954 _bR08K |
||
| 100 | _aकपूर, मस्तराम | ||
| 245 | _aराममनोहर लोहिया : रचनावली | ||
| 260 |
_bअनामिका पब्लिशर्स एंड डिस्ट्रीब्यूटर्स _c2008 |
||
| 300 | _a591 | ||
| 650 | _aSOCIAL SCIENCE | ||
| 942 |
_2ddc _cBK |
||
| 999 |
_c27632 _d27632 |
||